000 00335nam a22001337a 4500
003 OSt
005 20231127224400.0
008 231127b |||||||| |||| 00| 0 eng d
040 _cCO-JMCR
082 _aA /
_bADAD
100 _aAdams, Jennifer
_eAutor
_942279
245 _aDrĂ¡cula
_cJennifer Adams y Alison Oliver
942 _2ddc
_cBK
999 _c30393
_d16777